載入...

Agricultural economics and rural land use /

書目詳細資料
主要作者: Stabler, M. J.
格式: Printed Book
語言:English
出版: London: Macmillan, 1975.
LEADER 00472 a2200121 4500
008 100208b ||||| |||| 00| 0 eng d
082 |a 338.1 
100 |a Stabler, M. J. 
245 |a Agricultural economics and rural land use / 
260 |b Macmillan,  |c 1975.  |a London: 
942 |c BK 
999 |c 311860  |d 311860 
952 |0 0  |1 0  |2 ddc  |4 0  |6 338_100000000000000_STA_A  |7 0  |9 357956  |a ECN  |b ECN  |c ST1  |d 2010-09-07  |e Minerva Bookstall, Trichur  |g 0.00  |i 2371  |l 0  |o 338.1 STA/A  |p ECN2371  |r 2010-09-07  |w 2010-09-07  |y BK